| 000 | 00442nam a2200181 a 4500 | ||
|---|---|---|---|
| 005 | 20210219153231.0 | ||
| 008 | 991125n 000 0 spa u | ||
| 035 | _aUPN01000084980 | ||
| 100 | 1 | _aGonzález Sandoval, Raúl | |
| 222 | 0 | _aPLEXOS | |
| 245 | 0 | 3 | _aLa tarea escolar |
| 300 | _a14-15 | ||
| 362 | 0 | _a1995 No. 12, oct.-dic. | |
| 653 | 0 | _aTAREA ESCOLAR | |
| 653 | 0 | _aEDUCACION BASICA | |
| 904 |
_aAC _b022791 |
||
| 905 | _aArticulo | ||
| 999 |
_c71620 _d71620 |
||